横浜駅から出ている行き先 - Statistics

General Stats
  • This quiz has been taken 980 times
  • The average score is 76 of 98
Answer Stats
Answer % Correct
品川
97%
品川
97%
品川
97%
大船
95%
大宮
95%
大船
95%
東京
95%
大船
95%
東京
95%
熱海
92%
逗子
92%
逗子
92%
小田原
91%
横須賀
91%
桜木町
89%
上野
89%
上野
89%
宇都宮
89%
高崎
89%
成田
89%
成田空港
88%
成田空港
88%
渋谷
88%
久里浜
87%
泉岳寺
86%
蒲田
86%
南浦和
86%
千葉
86%
三崎口
85%
磯子
85%
赤羽
85%
国府津
85%
平塚
85%
沼津
84%
元町・中華街
84%
海老名
84%
伊東
83%
籠原
83%
湘南台
82%
湘南台
82%
金沢文庫
81%
池袋
81%
武蔵小杉
80%
浦賀
79%
京急川崎
79%
小金井
79%
前橋
79%
菊名
79%
和光市
79%
京急久里浜
78%
八王子
78%
伊豆急下田
78%
押上
77%
津田沼
77%
上大岡
76%
橋本
76%
日吉
76%
逗子・葉山
75%
青砥
75%
新前橋
75%
新宿三丁目
75%
出雲市
74%
高松
74%
森林公園
74%
自由が丘
73%
川越市
73%
西谷
73%
佐倉
72%
上総一ノ宮
72%
飯能
72%
あざみ野
72%
京成高砂
71%
古河
71%
君津
71%
元住吉
71%
三浦海岸
70%
神奈川新町
70%
修善寺
70%
所沢
70%
印旛日本医大
69%
小川町
68%
西武秩父
68%
大和
68%
石神井公園
65%
小手指
64%
鹿島神宮
63%
志木
62%
羽田空港第1・第2ターミナル
61%
成東
60%
印西牧の原
57%
堀ノ内
56%
保谷
53%
清瀬
52%
京成佐倉
51%
新羽
50%
踊場
49%
かしわ台
47%
上永谷
46%
No matching quizzes found
Score Distribution
Percent of People with Each Score
Percentile by Number Answered
Your Score History
You have not taken this quiz